| 000 | 00282 a2200121 4500 | ||
|---|---|---|---|
| 999 |
_c322094 _d322094 |
||
| 001 | 87021 | ||
| 003 | NUST | ||
| 005 | 20180124122717.0 | ||
| 008 | 180124b xxu||||| |||| 00| 0 eng d | ||
| 082 | _a282.0922 MUR | ||
| 100 |
_aMurphy,Aane _99687 |
||
| 245 |
_aForbidden Fruit _hEnglish |
||
| 260 |
_aNewYork _bLittle Brown & Coy _c1993 |
||
| 300 | _a358p | ||
| 942 |
_aAHQ _cBK _k282.0922 MUR _2ddc |
||